00000000nam##2200000za#4500
0019.640120
003CaOODSP
00520250910142445
007cr |||||||||||
008150407|2005||||xxc|||||o    f|0| 0 fre|d
040 |aCaOODSP|bfre
043 |an-cn---
0861 |aD2-167/2005F-PDF
1101 |aCanada. |bMinistère de la défense nationale.
24510|aL'idéologie professionnelle et la profession des armes au Canada / |h[ressource électronique]|cpar Bill Bentley.
260 |aWinnipeg - Manitoba : |bDéfense nationale |cc2005.
300 |a187p.|bfigures, glossaire, index
500 |aLe n° de catalogue (D2-167/2005F) et l'ISBN (0-662-79623-3) de l'édition imprimée ont été incorrectement copiés dans la version PDF.
504 |aBibliographie.
590 |a12-31-Supp|b2012-07-06
69107|aArmée|2gcpds
69107|aÉthique|2gcpds
7201 |aBentley, Bill
77508|tProfessional ideology and the profession of arms in Canada / |w(CaOODSP)9.696003
85640|ahttp://publications.gc.ca|qPDF|s1752 Ko|uhttps://publications.gc.ca/collections/collection_2012/dn-nd/D2-167-2005-fra.pdf